| 000 | 01750nab a22003257a 4500 | ||
|---|---|---|---|
| 999 |
_c5276 _d5276 |
||
| 003 | OSt | ||
| 005 | 20250211140805.0 | ||
| 008 | 190429b xxu||||| |||| 00| 0 spa d | ||
| 040 | _cPJ | ||
| 100 |
_aTimpanaro, Berenice L. _96332 |
||
| 245 | 1 | 0 |
_aEjecución penal de crímenes de lesa humanidad y genocidio en la Argentina. Criterios específicos y participación de las víctimas /
_cBerenice L. Timpanaro, Julieta Colantuono. |
| 260 |
_cCiudad Autónoma de Buenos Aires : _aThomson Reuters La Ley, _b2025. |
||
| 300 | _ap. 183-198 | ||
| 500 | _aCita: AR/DOC/73/2025. | ||
| 505 | _aSumario: I. Introducción.— II. El derecho penal internacional como marco normativo para la ejecución penal de condenas por delitos de genocidio y de lesa humanidad.— III. Estándares internacionales de la participación de la víctima en procesos judiciales de graves violaciones a los derechos humanos y la regulación local.— IV. Jurisprudencia.— V. Reflexiones finales.— VI. Referencias bibliográficas. | ||
| 505 | _tSi te interesa el texto completo, solicitalo a koha@justierradelfuego.gov.ar | ||
| 650 | 0 |
_9343 _aDERECHO PENAL |
|
| 650 | 0 |
_96334 _aCRÍMENES DE LESA HUMANIDAD |
|
| 650 | 0 |
_9614 _aDERECHOS HUMANOS |
|
| 650 | 0 |
_9653 _aDERECHO INTERNACIONAL PENAL |
|
| 650 | 0 |
_92954 _aLIBERTAD CONDICIONAL |
|
| 650 | 0 |
_94378 _aDERECHO A SER OÍDO |
|
| 650 | 0 |
_94065 _aPRISION DOMICILIARIA |
|
| 650 | 0 |
_93047 _aVÍCTIMA DEL DELITO |
|
| 650 | 0 |
_92784 _aQUERELLA |
|
| 650 | 0 |
_96335 _aCORTE PENAL INTERNACIONAL |
|
| 700 |
_96333 _aColantuono, Julieta |
||
| 773 | 0 |
_02658 _93164 _tRevista de derecho penal y criminología. Nº 1 - Febrero 2025 _dCiudad Autónoma de Buenos Aires : Thomson Reuters La Ley, 2017- _x00347914 |
|
| 942 |
_2udc _cANA |
||